|
000
|
01420nam 2200289 450
|
|
001
|
012025000371
|
|
005
|
20240319092142.9
|
|
010
|
|
@a978-7-5713-3000-2@b精装@dCNY198.00
|
|
100
|
|
@a20240319d2024 em y0chiy50 ea
|
|
101
|
0
|
@achi
|
|
102
|
|
@aCN@b320000
|
|
105
|
|
@aa z 001yy
|
|
106
|
|
@ar
|
|
200
|
1
|
@a花卉博物馆@Ahua hui bo wu guan@f王意成编著
|
|
205
|
|
@a第2版
|
|
210
|
|
@a南京@c江苏凤凰科学技术出版社@d2024.1
|
|
215
|
|
@a423页@c彩图@d27cm
|
|
225
|
2
|
@a汉竹·健康爱家系列@Ahan zhu ·jian kang ai jia xi lie
|
|
314
|
|
@a王意成, 中国环境科学学会植物园保护分会原副秘书长, 江苏省中国科学院植物研究所 (南京中山植物园) 原园景处处长, 江苏省花木协会原副理事长, 高级工程师、花卉科普作家。
|
|
320
|
|
@a有索引
|
|
330
|
|
@a本书收录更多 (近4500幅) 高清彩图, 汇集更多 (近3000种) 园林植物, 分类更加科学清晰, 由花卉百科, 观花植物 (草本、木本、水生、藤本), 观叶植物 (多肉、其他科属), 观果植物, 知名花卉 (国内、国外) 5部分构成。不仅有栽培品种, 也有野生品种; 不仅有常见品种, 还有新品种和珍稀品种。在书中, 每种植物都标明鉴别要素, 便于读者认识、查找和欣赏。图片编排依据形态大小、色彩渐变, 具有很强的视觉效果。植物科属分类下, 还详细介绍“养护”“用途”三块知识, 功用性超强。
|
|
410
|
0
|
@12001 @a汉竹·健康爱家系列
|
|
606
|
0
|
@a花卉@Ahua hui@x观赏园艺
|
|
690
|
|
@aS68@v5
|
|
701
|
0
|
@a王意成@Awang yi cheng@4编著
|
|
801
|
0
|
@aCN@bCDNYKJZYXY@c20240319
|
|
905
|
|
@aCDNYKJZYXY@b300731169-70@dS68@e1120@f2
|
|
|
|
|
| |
| 花卉博物馆/王意成编著.-第2版.-南京:江苏凤凰科学技术出版社,2024.1 |
| 423页:彩图;27cm.-(汉竹·健康爱家系列) |
| |
| |
| ISBN 978-7-5713-3000-2(精装):CNY198.00 |
| 本书收录更多 (近4500幅) 高清彩图, 汇集更多 (近3000种) 园林植物, 分类更加科学清晰, 由花卉百科, 观花植物 (草本、木本、水生、藤本), 观叶植物 (多肉、其他科属), 观果植物, 知名花卉 (国内、国外) 5部分构成。不仅有栽培品种, 也有野生品种; 不仅有常见品种, 还有新品种和珍稀品种。在书中, 每种植物都标明鉴别要素, 便于读者认识、查找和欣赏。图片编排依据形态大小、色彩渐变, 具有很强的视觉效果。植物科属分类下, 还详细介绍“养护”“用途”三块知识, 功用性超强。 |
| ● |
正题名:花卉博物馆
索取号:S68/1120
 
预约/预借
| 序号
|
登录号
|
条形码
|
馆藏地/架位号
|
状态
|
备注
|
|
1
|
731169
|
300731169
|
流通书库/
[索取号:S68/1120]
|
在馆
|
|
|
2
|
731170
|
300731170
|
流通书库/
[索取号:S68/1120]
|
在馆
|
|